书目信息

书名: 失火的天堂 
作者: 琼瑶,
出版信息: 北京   作家出版社  2024.10
开本页数: 21cm  244页
丛书名: 琼瑶作品大合集
单 册:
中图分类: I2407
科图分类:
主题词: 言情小说--yan qing xiao shuo--中国--当代 , 长篇小说--chang pian xiao shuo--中国--当代
电子资源:
ISBN: 978-7-5212-2884-7
000 01572nam 2200289 450
001 012025001007
005 20241206152158.7
010    @a978-7-5212-2884-7@dCNY36.00
100    @a20241206d2024 em y0chiy50 ea
101 @achi
102    @aCN@b110000
105    @ay z 000ay
106    @ar
200 @a失火的天堂@Ashi huo de tian tang@f琼瑶著
210    @a北京@c作家出版社@d2024.10
215    @a244页@d21cm
225 @a琼瑶作品大合集@Aqiong yao zuo pin da he ji
306    @a本书版权经由可人娱乐国际有限公司授权作家出版社出版简体中文版
314    @a琼瑶 (1938-2024), 本名陈喆, 作家、编剧、作词人、影视制作人。原籍湖南衡阳, 生于四川成都, 1949年随父母由大陆赴台生活。
330    @a本书主要内容: 一个名叫豌豆花的小姑娘因为父母双亡只能跟随着她的继父鲁森尧生活。鲁森尧对她实施惨无人道的虐待, 不仅凶狠地打骂她, 而且对尚未成年的她实施了强暴, 导致豌豆花浑身伤痕累累, 并且怀了孕。在一个偶然的情况下, 豌豆花被一位名叫秦非的医生所救。秦非和他的妻子宝鹃怀着对豌豆花无限的同情和怜爱收养了她。在秦非夫妻二人的极力呵护和照顾下, 豌豆花长大成为美丽的少女--何洁舲, 上了大学, 并极具艺术才华。一位热情的追求者展牧原俘获了洁舲的心, 洁舲被迫爱上了展牧原。鲁森尧的再次出现导致了悲剧的发生, 展牧原因洁舲的身世而抛弃了洁舲, 洁舲在绝望之下结束了自己年轻而美丽的生命。
410  0 @12001 @a琼瑶作品大合集
606 @a言情小说@Ayan qing xiao shuo@y中国@z当代
606 @a长篇小说@Achang pian xiao shuo@y中国@z当代
690    @aI2407@v5
701  0 @a琼瑶,@Aqiong yao@f1938-2024@4著
801  0 @aCN@bCDNYKJZYXY@c20241206
905    @aCDNYKJZYXY@b300734122-24@dI2407@e4562@f3
    
    失火的天堂/琼瑶著.-北京:作家出版社,2024.10
    244页;21cm.-(琼瑶作品大合集)
    
    
    ISBN 978-7-5212-2884-7:CNY36.00
    本书主要内容: 一个名叫豌豆花的小姑娘因为父母双亡只能跟随着她的继父鲁森尧生活。鲁森尧对她实施惨无人道的虐待, 不仅凶狠地打骂她, 而且对尚未成年的她实施了强暴, 导致豌豆花浑身伤痕累累, 并且怀了孕。在一个偶然的情况下, 豌豆花被一位名叫秦非的医生所救。秦非和他的妻子宝鹃怀着对豌豆花无限的同情和怜爱收养了她。在秦非夫妻二人的极力呵护和照顾下, 豌豆花长大成为美丽的少女--何洁舲, 上了大学, 并极具艺术才华。一位热情的追求者展牧原俘获了洁舲的心, 洁舲被迫爱上了展牧原。鲁森尧的再次出现导致了悲剧的发生, 展牧原因洁舲的身世而抛弃了洁舲, 洁舲在绝望之下结束了自己年轻而美丽的生命。
相关链接 在五车中查询图书 在当当中查询图书 在豆瓣中查询图书


正题名:失火的天堂     索取号:I2407/4562         预约/预借

序号 登录号 条形码 馆藏地/架位号 状态 备注
1 734122   300734122   流通书库/ [索取号:I2407/4562] 在馆    
2 734123   300734123   柳城-3楼/柳城-3楼27架13列2层/ [索取号:I2407/4562] 在馆    
3 734124   300734124   柳城-3楼/柳城-3楼27架13列2层/ [索取号:I2407/4562] 在馆